Experimentos en contexto: química. Manual de laboratorio
Salvato in:
| Autori principali: | , |
|---|---|
| Natura: | Libro |
| Lingua: | spagnolo |
| Pubblicazione: |
Buenos Aires
Pearson Education
2000
|
| Serie: | Pearson Educación
|
| Soggetti: | |
| Tags: |
Aggiungi Tag
Nessun Tag, puoi essere il primo ad aggiungerne!!
|
MARC
| LEADER | 00000nam a2200000 a 4500 | ||
|---|---|---|---|
| 001 | UCO9261 | ||
| 003 | CL-VaPUC | ||
| 008 | 010125e20000000AG |||||||||||||||||spa|d | ||
| 020 | |a 9879789210 | ||
| 082 | 0 | 4 | |a 543 |b CER |2 21 |
| 100 | 0 | |a Ceretti, Helena M |e author |9 454298 | |
| 700 | 0 | |a Zalts, Anita |e author |9 454299 | |
| 245 | 1 | 0 | |a Experimentos en contexto: química. Manual de laboratorio |
| 300 | |a 267 p | ||
| 942 | |c BK | ||
| 945 | |d 20010125 00:00:00 |a cmena | ||
| 260 | |a Buenos Aires |b Pearson Education |c 2000 | ||
| 650 | 0 | |a Química analítica |9 259648 | |
| 650 | 7 | |a EXPERIMENTOS CIENTIFICOS |2 CL-VaPUC |9 320167 | |
| 650 | 0 | |a Educación científica |9 307484 | |
| 650 | 0 | |a Métodos de enseñanza |9 270413 | |
| 583 | |a last modification |c 20171031 11:00:24 |k Rodrigo Vera | ||
| 490 | 0 | |a Pearson Educación | |
| 999 | |c 293524 |d 293522 | ||
| 952 | |0 0 |1 0 |4 0 |6 543_000000000000000_CER_2000 |7 0 |8 A |9 345097 |a BIBCUR |b BIBCUR |d 2019-11-20 |i 3680207 |o 543 CER 2000 |p 3680207 |r 2025-04-22 |w 2019-11-20 |y BK |k BAC | ||